| 000 | 01023nam a2200289 a 4500 | ||
|---|---|---|---|
| 001 | vtls001215586 | ||
| 003 | NLI | ||
| 005 | 20210603170321.0 | ||
| 008 | 120525s1966 ii ab s100 0 eng | ||
| 039 | 9 |
_a201205252207 _bVLOAD _y201203282040 _zVLOAD |
|
| 040 | 0 |
_aNLI _beng _cDatasoft_IOD _eAACR2 |
|
| 041 | 0 | _aeng | |
| 044 | _aii | ||
| 082 | 0 | 4 | _a352.05417 |
| 111 | 2 |
_aConference of Urban Local bodies _d(30th Sept. and 1st Oct.1965 Bhubaneswar) _9653936 |
|
| 245 | 1 | 0 |
_aState level conference / _cconference of Urban Local bodies held at Bhubaneswar on 30th Sept. and 1st Oct. 1965 |
| 260 |
_aBhubaneswar : _bGovt. of Orissa Press, _c1966 |
||
| 300 |
_a139 p. : _bill., maps ; _c28 cm. |
||
| 500 | _aGovernment publication | ||
| 650 | 0 |
_aPanchayat _zIndia _zOrissa _9130830 |
|
| 650 | 0 |
_aLocal government _zIndia _zOrissa |
|
| 710 | 1 |
_aOrissa (India). _bLocal self Government Department _9653937 |
|
| 887 | _a | ||
| 901 |
_a44614 date _b29.3.1966 |
||
| 902 | _aGP 352.05417 Or 16 so | ||
| 942 |
_2ddc _cBKS |
||
| 999 |
_aVIRTUA40 _c519528 _d519528 |
||